| 000 | 00592nam a22001577a 4500 | ||
|---|---|---|---|
| 008 | 120424s1998 ua|||||r|||| 000 0 eng d | ||
| 082 |
_a303.49962 _bEGY |
||
| 111 |
_929730 _aThird World Forum _cCairo _dMay1998 |
||
| 245 |
_aEgypt 2020 : _bA Futures Research Project / |
||
| 260 |
_aCairo : _bThird World Forum, _c1998 |
||
| 300 |
_a40 p. ; _c15 cm. |
||
| 541 | _aDr. Bassem ; | ||
| 651 |
_929729 _aEgypt _xForecasting |
||
| 942 |
_2ddc _cBB |
||
| 999 |
_c16692 _d16692 |
||